Sports Quiz

Random Sports or MLB Quiz

MLB Teams Last MVP Quiz Stats

 Plays Quiz Updated Jun 6, 2018

Score 0/30 Timer 08:00
2 Plays Today
Team Player % Correct
Atlanta BravesChipper Jones
88.1%
New York YankeesAlex Rodriguez
85%
St. Louis CardinalsAlbert Pujols
83%
Baltimore OriolesCal Ripken
82%
Arizona DiamondbacksNone
80.2%
San Francisco GiantsBuster Posey
80.1%
Minnesota TwinsJoe Mauer
78.4%
Miami MarlinsGiancarlo Stanton
75.4%
Boston Red SoxMookie Betts
75.3%
Washington NationalsBryce Harper
74.5%
Philadelphia PhilliesJimmy Rollins
73.5%
Tampa Bay RaysNone
73.5%
Houston AstrosJosé Altuve
73.2%
Chicago CubsKris Bryant
72.7%
Texas RangersJosh Hamilton
71.5%
Team Player % Correct
Kansas City RoyalsGeorge Brett
71.5%
Seattle MarinersIchiro Suzuki
69.1%
Milwaukee BrewersChristian Yelich
68.1%
Chicago White SoxFrank Thomas
68%
Cincinnati RedsJoey Votto
66.9%
New York MetsNone
65.7%
Los Angeles AngelsMike Trout
65.3%
Pittsburgh PiratesAndrew McCutchen
64.2%
Colorado RockiesLarry Walker
63.6%
Los Angeles DodgersClayton Kershaw
50.3%
Oakland AthleticsMiguel Tejada
48.1%
Detroit TigersMiguel Cabrera
47.6%
Toronto Blue JaysJosh Donaldson
36.6%
San Diego PadresKen Caminiti
36%
Cleveland IndiansAl Rosen
12.2%

You're not logged in!

Compare scores with friends on all Sporcle quizzes.
OR
Log In

Sporcle TV

Today on Sporcle TV


Watch our educational content, quiz creation guides, and fun videos on Sporcle TV.

Show Comments

Extras

Top Quizzes Today


Score Distribution

Your Account Isn't Verified!

In order to create a playlist on Sporcle, you need to verify the email address you used during registration. Go to your Sporcle Settings to finish the process.

Report this User

Report this user for behavior that violates our Community Guidelines.

Details: